CORE PRINCIPLES IN CURRICULUM (Record no. 216503)

MARC details
000 -LEADER
fixed length control field 00427nam a22001577a 4500
008 - FIXED-LENGTH DATA ELEMENTS--GENERAL INFORMATION
fixed length control field 260202b |||||||| |||| 00| 0 eng d
020 ## - INTERNATIONAL STANDARD BOOK NUMBER
International Standard Book Number 978-99966-26-098-7
100 ## - MAIN ENTRY--PERSONAL NAME
Personal name SYOMWENE, ANNE
245 ## - TITLE STATEMENT
Title CORE PRINCIPLES IN CURRICULUM
260 ## - PUBLICATION, DISTRIBUTION, ETC.
Place of publication, distribution, etc. ELDORET, KENYA
Name of publisher, distributor, etc. UTAFITI FOUNDATION
Date of publication, distribution, etc. 2017
300 ## - PHYSICAL DESCRIPTION
Extent X, 278P.
500 ## - GENERAL NOTE
General note INCLUDES INDEX
650 ## - SUBJECT ADDED ENTRY
Topical term or geographic name entry element CURRICULUM DEVELOPMENT
942 ## - ADDED ENTRY ELEMENTS (KOHA)
Source of classification or shelving scheme Library of Congress Classification
Koha item type Long Loan Book
Holdings
Withdrawn status Lost status Source of classification or shelving scheme Damaged status Not for loan Collection Home library Current library Shelving location Date acquired Inventory number Total checkouts Full call number Barcode Date last seen Copy number Price effective from Koha item type
    Library of Congress Classification     Arts & Social Sciences Kisii University Library Kisii University Library On Display 02/02/2026 110981   LB 2801. C67 2017 50080 02/02/2026 C.1 02/02/2026 Long Loan Book
    Library of Congress Classification     Arts & Social Sciences Kisii University Library Kisii University Library On Display 02/02/2026 110982   LB 2801. C67 2017 50093 02/02/2026 C.2 02/02/2026 Long Loan Book
    Library of Congress Classification     Arts & Social Sciences Kisii University Library Kisii University Library On Display 02/02/2026 110983   LB 2801. C67 2017 50090 02/02/2026 C.3 02/02/2026 Long Loan Book
    Library of Congress Classification     Arts & Social Sciences Kisii University Library Kisii University Library On Display 02/02/2026 110984   LB 2801. C67 2017 50098 02/02/2026 C.4 02/02/2026 Long Loan Book